Argentyna - quiz wielokrotnego wyboru - Statystyki

Ogólne statystyki
  • Ten quiz został rozwiązany 1 500 razy
  • Średni wynik to 10 z 15
Statystyki odpowiedzi
Zagadnienie Odpowiedź % Poprawnych
Jaki obiekt widnieje na fladze Argentyny? Słońce
97%
Kto był kapitanem drużyny Argentyny, która zdobyła mistrzostwo świata FIFA w 1986 roku? Diego Maradona
92%
Który kraj nie graniczy z Argentyną? Ekwador
87%
Jaka jest waluta Argentyny? Peso
81%
Która kategoria reprezentuje większość argentyńskiego eksportu? Produkty rolne
76%
Jaka zagraniczna stolica położona jest zaledwie 200 kilometrów od Buenos Aires? Montevideo
75%
Prawda czy fałsz. Argentyna ma niższą gęstość zaludnienia niż przeciętny kraj. Prawda
75%
Który z tych tańców został wynaleziony w Argentynie? Tango
66%
Jakiego zbrodniarza wojennego znaleziono ukrywającego się w Buenos Aires w 1960 roku? Adolf Eichmann
53%
Który region słynie z płaskich łąk? Pampa
51%
Z jakiego kraju Argentyna przyjęła największą liczbę imigrantów przed 1920 rokiem? Włochy
50%
Która z poniższych osób NIE urodziła się w Argentynie? Simón Bolívar
49%
Kto przewodził Argentynie jako prezydent w latach 1946–1955? Juan Perón
48%
Która prowincja Argentyny słynie z produkcji wina? Mendoza
39%
Co rzekomo widział Ferdynand Magellan podczas swojej podróży dookoła świata, zatrzymując się w Patagonii? Giganta
33%
Nie znaleziono quizów pasujących do podanych kryteriów
Rozkład punktacji
Procent ludzi z każdym wynikiem
Percentyl według liczby udzielonych odpowiedzi
Twoja historia wyników
Nie rozwiązałeś tego quizu